Assets owned by Comcast - Statistics

General Stats
  • This quiz has been taken 209 times
  • The average score is 11 of 20
Answer Stats
Hint Answer % Correct
Oldest broadcast network in the US – SNL, Friends, The Office, Seinfeld, Law & Order NBC
94%
Major Hollywood film studio – Jurassic Park, Jaws, Back to the Future, Fast & Furious Universal Pictures
87%
Website you may visit to check how well a movie has been reviewed (70% stake) Rotten Tomatoes
81%
Network + news outlet reporting on celebrity gossip, Hollywood, fashion, often found on red carpets. E!
80%
One of Pixar’s main competitor studios – Shrek, Madagascar, How to Train Your Dragon Dreamworks Animation
76%
Online news outlet best known for ‘which character are you?’ quizzes and listicles (c.33% stake) Buzzfeed
71%
Theme parks you may visit in Florida if you don’t like Disney. Universal Orlando Resort
67%
Streaming service for content produced by answer #1 Peacock
65%
Cable news channel, liberal alternative to Fox – Morning Joe, Deadline, Chris Hayes, Rachel Maddow MSNBC
64%
One of the largest providers of cable and broadband in the USA. Xfinity
60%
Sports network specialising in Trump’s favourite past time. Golf Channel
58%
US network airing Spanish language programming Telemundo
48%
Cable channel for horror + fantasy content – Battlestar Gallactica, Ghost Hunters SyFy
45%
British multi-media conglomerate used to be owned by Rupert Murdoch – TV, streaming, broadband Sky Group
43%
Cable TV channel focusing on reality TV, aimed at women – The Real Housewives, Top Chef, Project Runway Bravo
41%
Cable TV channel that has had some very popular + successful original programming – Suits, Mr. Robot, Royal Pains, White Collar, Monk, Psych USA Network
41%
Relatively new animation studio that’s had a lot of success – Despicable Me, Secret Life of Pets, The Lorax Illumination
36%
British electronics company founded by the host of the UK version of The Apprentice (you can name him if you don’t know the company) Amstrad
20%
Studios that produce smaller, independent films that are critically acclaimed – Mary Queen of Scots, Darkest Hour, The Danish Girl, The Theory of Everything (two possible answers) Focus Features / Working Title Films
11%
Online subscription streaming service for reality TV shows – Keeping Up with the Kardashians, Dance Moms, Don’t Tell The Bride Hayu
3%
No matching quizzes found
Score Distribution
Percent of People with Each Score
Percentile by Number Answered
Your Score History
You have not taken this quiz